00324pab a2200121 454500008004000000100001400040245006600054260000900120300001300129362001100142650001500153773003400168180718b2014 xxu||||| |||| 00| 0 eng d aAnu Kumar aAmerica's contradictions on gun rights - a year after Newtown c2014 ap.24-26. a15 Feb aGun rights aEconomic and Political Weekly